Fearless "From The Vault" tracks - Statistics

General Stats
  • This quiz has been taken 141 times
  • The average score is 4 of 6
Answer Stats
Tracks % Correct
2 Mr. Perfectly Fine
94%
6 Bye Bye Baby
77%
4 That's When (feat. Keith Urban)
68%
5 Don't You
67%
1 You All Over Me (feat. Maren Morris)
67%
3 We Were Happy
61%
No matching quizzes found
Score Distribution
Percent of People with Each Score
Percentile by Number Answered
Your Score History
You have not taken this quiz